000 00539nam a22001817a 4500
005 20251108172452.0
008 250721s9999 xx 000 0 ara d
082 1 4 _a811.9/نصر
100 1 _aنصر، شهاب
245 1 0 _aأن يسرق طائر عينيك : شعر /
264 1 _aالقاهرة :
_bالهيئة المصرية العامة للكتاب،
300 _a96ص
490 0 _aكتابات جديدة
650 1 7 _aالشعرالعربي
650 1 7 _aالأدب العربي
942 _2ddc
_cBK
999 _c80111
_d80111